000
00203 a2200085 4500
020
_a
9780367871369
100
_a
Jens Holger Rindel
245
_a
Sound Insulation in Buildings
260
_b
CRC Press
_c
2020
999
_c
13647
_d
13647